000 00856nam a2200265 a 4500
005 20200104041527.0
008 140304t1999 a gr|||| 00| 0 spa d
040 _aCO-BoIAVH
_cCO-BoIAVH
041 _aspa
082 4 _a333.72
_bE77p
100 1 _aEspinoza, Nelson
_914564
245 1 _aPago de servicios ambientales y el desarrollo sostenible en el medio rural
260 _aSan José
_bRUTA
_bIICA
_c1999
300 _a88 paginas
_bilustraciones.;
_c27 x 21 cm.
650 6 _aServicios ambientales
_953965
650 6 _aComercio
_953966
650 4 _aDesarrollo sostenible
_9278
650 4 _aDesarrollo rural
_953968
650 4 _aProspección de biodiversidad
_97954
650 4 _aEcosistemas
_992256
650 4 _aSistemas de producción agrarios
_93532
700 1 _aGatica, Javier
_914570
700 1 _aSmyle, James
_914571
942 _cLIBRO
_2ddc
999 _c2095
_d2095